| 000 | 00378nam a2200145Ia 4500 | ||
|---|---|---|---|
| 008 | 230503s9999 xx 000 0 und d | ||
| 020 | _a9781471143359 | ||
| 082 |
_a330 _bROBM |
||
| 100 | _aROBBINS,Tony | ||
| 245 | 0 | _aMoney master the game: 7 simple steps to financial freedom | |
| 260 |
_aLondon _bSimon & Schuster _c2014 |
||
| 300 | _a656 | ||
| 650 | _aeconomics | ||
| 942 | _cBK | ||
| 999 |
_c2487 _d2487 |
||